Jaki rodzaj karty specjalnej posiada ten zawodnik w FIFA 20? - Statystyki

Ogólne statystyki
  • Ten quiz został rozwiązany 100 razy
  • Średni wynik to 4 z 15
Statystyki odpowiedzi
Obrazkowy Odpowiedź % Poprawnych
FUT Birthday | Ones To Watch | Gold In-Form | Man of the Match
71%
Future Stars | UCL Team of the Tournament | Gold In-Form
70%
Team of the Year | Player of the Month | Gold In-Form | Shapeshifters
67%
Headliners | Ultimate Scream | Gold In-Form
57%
TOTW Moments | Flashback
45%
Flashback
27%
Shapeshifters
22%
Winter Refresh | League SBC
20%
Player Moments
12%
Copa Libertadores Kick-Off
9%
League SBC | FUT Birthday
9%
Player Moments
8%
UCL Man of the Match
8%
End of an Era
7%
Storyline Player
1%
Nie znaleziono quizów pasujących do podanych kryteriów
Rozkład punktacji
Procent ludzi z każdym wynikiem
Percentyl według liczby udzielonych odpowiedzi
Twoja historia wyników
Nie rozwiązałeś tego quizu